Texas Rules of Evidence manual /

Bibliographic Details
Main Author: Wendorf, Hulen D.
Corporate Authors: Texas. Supreme Court, Texas
Other Authors: Schlueter, David A.
Format: Book
Language:English
Published: Charlottesville, Va. : Michie Co., [1988]
Edition:2nd ed.
Subjects:

MARC

Tag First Indicator Second Indicator Subfields
LEADER 00000cam a2200000 a 4500
001 in00000010405
005 20240926145425.5
008 880304s1988 vau 001 0 eng d
010 |a  88060518  
020 |a 0874733340 
035 |a (OCoLC)17575280 
035 |9 AAA2612AM 
040 |a DAL  |c DAL  |d TXA  |d UtOrBLW 
043 |a n-us-tx 
049 |a TXAM  |c [A12555466] 
050 4 |a KFT1740  |b .W46 1988 
100 1 |a Wendorf, Hulen D. 
245 1 0 |a Texas Rules of Evidence manual /  |c Hulen D. Wendorf, David A. Schlueter. 
250 |a 2nd ed. 
264 1 |a Charlottesville, Va. :  |b Michie Co.,  |c [1988] 
264 4 |c ©1988 
300 |a xxix, 749 pages ;  |c 27 cm. 
336 |a text  |b txt  |2 rdacontent 
337 |a unmediated  |b n  |2 rdamedia 
338 |a volume  |b nc  |2 rdacarrier 
500 |a Kept up to date by pocket supplements. 
504 |a Includes bibliographies and index. 
650 0 |a Evidence (Law)  |z Texas. 
650 0 |a Civil procedure  |z Texas. 
650 0 |a Criminal procedure  |z Texas. 
700 1 |a Schlueter, David A. 
710 1 2 |a Texas.  |b Supreme Court.  |t Texas rules of evidence  |f 1983. 
710 1 2 |a Texas.  |t Texas Rules of Civil Evidence.  |f 1988. 
710 1 2 |a Texas.  |t Texas Rules of Criminal Evidence.  |f 1986. 
999 |a MARS 
999 f f |s b7010d94-691f-3a91-9484-0de9abddc55e  |i 6bf06fea-8b9b-3330-9088-91df9b03b1ec  |t 0 
952 f f |p ric  |a Texas A&M University  |b Rellis Campus  |c Joint Library Facility  |d Remote Storage  |t 0  |e KFT1740 .W46 1988  |h Library of Congress classification  |i unmediated -- volume  |m A14812555466 
998 f f |a KFT1740 .W46 1988  |t 0  |l Remote Storage